Statystyki dla Drugie największe miasta pod względem ludności w danym państwie

Kliknij tutaj aby rozwiązać quiz!

Ogólne statystyki

  • Ten quiz został rozwiązany 31 razy
  • Średni wynik to 16 z 43

Statystyki odpowiedzi

KrajMiasto% Poprawnych
PolskaKraków
91%
HiszpaniaBarcelona
83%
NiemcyHamburg
83%
HolandiaRotterdam
83%
WłochyMediolan
78%
FrancjaMarsylia
74%
GrecjaSaloniki
70%
RosjaSankt-Petersburg
70%
TurcjaAnkara
61%
CzechyBrno
61%
PortugaliaPorto
61%
ChorwacjaSplit
61%
Wielka BrytaniaBirmingham
57%
AustriaGraz
57%
LitwaKowno
57%
UkrainaCharków
52%
IrlandiaCork
52%
SłowacjaKoszyce
39%
NorwegiaBergen
35%
AlbaniaDurrës
35%
DaniaÅrhus
30%
KazachstanAstana/Nur-Sułtan
30%
SzwajcariaGenewa
30%
SzwecjaGöteborg
30%
BiałoruśHomel
30%
SłoweniaMaribor
30%
BelgiaGandawa
26%
SerbiaNowy Sad
26%
BułgariaPłowdiw
26%
WęgryDebreczyn
17%
ŁotwaDyneburg
17%
RumuniaKluż-Napoka
17%
LiechtensteinVaduz
17%
Bośnia I HercegowinaBanja Luka
13%
Macedonia PółnocnaBitola
13%
FinlandiaEspoo
9%
MołdawiaBielce
4%
CzarnogóraNikšić
4%
San MarinoBorgo Maggiore
0%
AndorraEscaldes-Engordany
0%
LuksemburgEsch-sur-Alzette
0%
MaltaIż-Żurrieq
0%
IslandiaKópavogur
0%

Rozkład punktacji

Percentyl według liczby udzielonych odpowiedzi

Procent ludzi z każdym wynikiem

Twoja historia wyników

Nie rozwiązałeś tego quizu